[Event "DEM U10 2018"]
[Site "Willingen GER"]
[Date "2018.05.21"]
[Round "3"]
[White "Sauer, Tim"]
[Black "von Mettenheim, Johannes"]
[Result "1/2-1/2"]
[Termination "normal"]
[Board "11"]
[WhiteElo "1378"]
[BlackElo "1581"]
[WhiteClock "00:27:25"]
[BlackClock "00:30:07"]
[PlyCount "97"]
[WhiteFideId "16265726"]
[BlackFideId "16244818"]
[EventCountry "GER"]
[EventRounds "11"]
[EventType "swiss"]
[EventDate "2018.05.19"]

1. d4 {[%clk 1:15:57]} 1... d5 {[%clk 1:15:55]} 2. Bf4 {[%clk 1:16:06]} 2...
Nf6 {[%clk 1:16:20]} 3. e3 {[%clk 1:16:26]} 3... c5 {[%clk 1:16:46]} 4. c3 {
[%clk 1:16:45]} 4... Nc6 {[%clk 1:16:58]} 5. Nf3 {[%clk 1:16:44]} 5... Qb6 {
[%clk 1:17:21]} 6. Qb3 {[%clk 1:15:48]} 6... c4 {[%clk 1:17:45]} 7. Qxb6 {
[%clk 1:15:21]} 7... axb6 {[%clk 1:18:10]} 8. Be2 {[%clk 1:14:46]} 8... b5 {
[%clk 1:18:29]} 9. O-O {[%clk 1:14:54]} 9... Bf5 {[%clk 1:18:49]} 10. Nbd2 {
[%clk 1:14:53]} 10... b4 {[%clk 1:18:58]} 11. Nh4 {[%clk 1:13:23]} 11... Bg6 {
[%clk 1:18:25]} 12. Nxg6 {[%clk 1:13:36]} 12... hxg6 {[%clk 1:18:53]} 13. Rfc1
{[%clk 1:10:04]} 13... e6 {[%clk 1:18:42]} 14. Nf3 {[%clk 1:06:58]} 14... Be7 {
[%clk 1:14:07]} 15. h3 {[%clk 1:06:10]} 15... O-O {[%clk 1:14:27]} 16. Ne5 {
[%clk 1:06:19]} 16... Rfc8 {[%clk 1:10:56]} 17. Nxc6 {[%clk 1:04:54]} 17...
Rxc6 {[%clk 1:11:20]} 18. cxb4 {[%clk 1:05:10]} 18... Bxb4 {[%clk 1:11:33]} 19.
a3 {[%clk 1:00:08]} 19... Be7 {[%clk 1:09:33]} 20. f3 {[%clk 0:53:20]} 20...
Rb6 {[%clk 1:06:30]} 21. Rab1 {[%clk 0:47:17]} 21... Bd6 {[%clk 0:59:42]} 22.
Bxd6 {[%clk 0:47:26]} 22... Rxd6 {[%clk 1:00:05]} 23. b3 {[%clk 0:47:16]} 23...
Rxa3 {[%clk 0:56:37]} 24. bxc4 {[%clk 0:47:31]} 24... Rxe3 {[%clk 0:57:01]} 25.
c5 {[%clk 0:47:33]} 25... Rd7 {[%clk 0:56:47]} 26. Bb5 {[%clk 0:47:48]} 26...
Rc7 {[%clk 0:56:01]} 27. Rc2 {[%clk 0:44:45]} 27... Ra3 {[%clk 0:54:58]} 28.
Rcb2 {[%clk 0:43:35]} 28... Kf8 {[%clk 0:54:38]} 29. Kf2 {[%clk 0:43:41]} 29...
Ke7 {[%clk 0:54:55]} 30. g4 {[%clk 0:42:47]} 30... Nd7 {[%clk 0:54:52]} 31.
Bxd7 {[%clk 0:42:28]} 31... Kxd7 {[%clk 0:54:59]} 32. Rxb7 {[%clk 0:42:47]}
32... Rd3 {[%clk 0:54:37]} 33. R7b4 {[%clk 0:42:48]} 33... f6 {[%clk 0:54:04]}
34. Ke2 {[%clk 0:40:57]} 34... Ra3 {[%clk 0:54:07]} 35. R4b3 {[%clk 0:40:29]}
35... Rxb3 {[%clk 0:54:27]} 36. Rxb3 e5 37. Ke3 Ra7 38. h4 Kc7 39. Rb6 Ra3+ 40.
Ke2 exd4 41. Re6 g5 42. h5 Ra7 43. Rd6 Ra5 44. Rxd5 Kc6 45. Rd6+ Kxc5 46. Rd7
Ra2+ 47. Kd3 Ra3+ 48. Ke2 Kc4 49. Rc7+ 1/2-1/2

[Event "DEM U10 2018"]
[Site "Willingen GER"]
[Date "2018.05.21"]
[Round "3"]
[White "Kocharin, Timur"]
[Black "Pauscher, Moritz"]
[Result "1-0"]
[Termination "normal"]
[Board "12"]
[WhiteElo "1280"]
[BlackElo "1351"]
[WhiteClock "01:10:59"]
[BlackClock "01:00:41"]
[PlyCount "55"]
[WhiteFideId "16240936"]
[BlackFideId "16265742"]
[EventCountry "GER"]
[EventRounds "11"]
[EventType "swiss"]
[EventDate "2018.05.19"]

1. e4 {[%clk 1:15:57]} 1... e5 {[%clk 1:15:55]} 2. Nf3 {[%clk 1:16:20]} 2...
Nc6 {[%clk 1:16:20]} 3. c3 {[%clk 1:16:33]} 3... Bc5 {[%clk 1:16:32]} 4. d4 {
[%clk 1:16:47]} 4... exd4 {[%clk 1:16:56]} 5. cxd4 {[%clk 1:16:49]} 5... Bb6 {
[%clk 1:17:04]} 6. Nc3 {[%clk 1:16:57]} 6... d6 {[%clk 1:16:41]} 7. Bb5 { [%clk
1:17:09]} 7... Bd7 {[%clk 1:16:36]} 8. Bg5 {[%clk 1:17:17]} 8... f6 { [%clk
1:15:43]} 9. Be3 {[%clk 1:17:03]} 9... a6 {[%clk 1:15:26]} 10. Bc4 { [%clk
1:17:14]} 10... h6 {[%clk 1:15:11]} 11. Nh4 {[%clk 1:16:04]} 11... h5 { [%clk
1:11:59]} 12. Ng6 {[%clk 1:14:34]} 12... Rh7 {[%clk 1:11:21]} 13. Bxg8 { [%clk
1:13:01]} 13... Rh6 {[%clk 1:09:42]} 14. Bxh6 {[%clk 1:12:06]} 14... gxh6
{[%clk 1:09:56]} 15. Qxh5 {[%clk 1:12:26]} 15... Qe7 {[%clk 1:05:48]} 16. Nxe7+
{[%clk 1:12:14]} 16... Kxe7 {[%clk 1:05:49]} 17. Qf7+ {[%clk 1:12:34]} 17...
Kd8 {[%clk 1:06:12]} 18. Qxf6+ {[%clk 1:12:41]} 18... Kc8 {[%clk 1:04:58]} 19.
Nd5 19... Bxd4 {[%clk 1:02:51]} 20. Qf8+ {[%clk 1:11:30]} 20... Nd8 { [%clk
1:02:44]} 21. Ne7+ {[%clk 1:11:45]} 21... Kb8 {[%clk 1:02:53]} 22. Qxd8+ {[%clk
1:12:04]} 22... Ka7 {[%clk 1:02:46]} 23. Qxd7 {[%clk 1:10:51]} 23... Bb6 {[%clk
1:02:33]} 24. Nd5 {[%clk 1:11:09]} 24... Rxg8 {[%clk 1:02:00]} 25. Rc1 { [%clk
1:10:15]} 25... c6 {[%clk 1:00:39]} 26. Nb4 {[%clk 1:10:37]} 26... Rxg2 { [%clk
1:00:54]} 27. Nxc6+ {[%clk 1:10:59]} 27... Ka8 {[%clk 1:00:41]} 28. Qc8# 1-0

[Event "DEM U10 2018"]
[Site "Willingen GER"]
[Date "2018.05.21"]
[Round "3"]
[White "Cernov, Henrik"]
[Black "Fruth, David"]
[Result "1-0"]
[Termination "normal"]
[Board "13"]
[WhiteElo "1353"]
[BlackElo "1482"]
[PlyCount "77"]
[WhiteFideId "16258312"]
[BlackFideId "16257596"]
[EventCountry "GER"]
[EventRounds "11"]
[EventType "swiss"]
[EventDate "2018.05.19"]

1. e4 e5 2. Nf3 Nf6 3. Nxe5 d6 4. Nf3 Nxe4 5. Nc3 Nxc3 6. dxc3 Be7 7. Be3 O-O
8. Qd2 Bg4 9. O-O-O Nc6 10. h3 Bxf3 11. gxf3 Ne5 12. Be2 c5 13. f4 Nc6 14. Rhg1
Qa5 15. a3 b5 16. Qd5 Qc7 17. Bxb5 Na5 18. Qg2 Bf6 19. f5 Qe7 20. Bh6 g6 21.
Bxf8 Kxf8 22. Qxa8+ Kg7 23. Qg2 Qc7 24. fxg6 fxg6 25. Bd3 Qf7 26. Kb1 c4 27.
Be4 Qe8 28. Rxd6 Bxc3 29. Rxg6+ hxg6 30. Qxg6+ Qxg6 31. Rxg6+ Kf7 32. bxc3 Nb3
33. cxb3 cxb3 34. Ra6 Ke7 35. h4 Kf7 36. h5 Kg7 37. h6+ Kh8 38. Rxa7 b2 39.
Ra8# 1-0

[Event "DEM U10 2018"]
[Site "Willingen GER"]
[Date "2018.05.21"]
[Round "3"]
[White "Korek, Jakob Alexander"]
[Black "Rumpold, Jaron"]
[Result "1-0"]
[Termination "normal"]
[Board "14"]
[WhiteElo "1517"]
[BlackElo "1259"]
[PlyCount "91"]
[WhiteFideId "16240022"]
[BlackFideId "16265793"]
[EventCountry "GER"]
[EventRounds "11"]
[EventType "swiss"]
[EventDate "2018.05.19"]

1. e4 c5 2. Nf3 d6 3. d4 cxd4 4. Qxd4 Nc6 5. Bb5 Bd7 6. Bxc6 Bxc6 7. Nc3 Nf6 8.
Bg5 e5 9. Qd3 Be7 10. O-O-O O-O 11. Bxf6 Bxf6 12. Qxd6 Qxd6 13. Rxd6 Rad8 14.
Rhd1 Rxd6 15. Rxd6 Re8 16. Kd2 Be7 17. Rd3 Bb4 18. Ke3 Bc5+ 19. Ke2 f6 20. Nd2
Bd4 21. Nb3 Bxc3 22. Rxc3 Bxe4 23. f3 Bc6 24. Na5 Bb5+ 25. Ke1 b6 26. Nc4 e4
27. Nd6 exf3+ 28. Nxe8 fxg2 29. Kf2 Bxe8 30. Kxg2 g5 31. Rc7 a5 32. Kg3 h5 33.
h3 f5 34. b3 f4+ 35. Kf3 Bf7 36. c4 Be6 37. Rc6 Bxh3 38. Rg6+ Kf7 39. Rxg5 Bg4+
40. Kxf4 Kf6 41. Rb5 Bd7 42. Rxb6+ Ke7 43. Ra6 h4 44. Rxa5 h3 45. Kg3 Kd6 46.
Rd5+ 1-0

[Event "DEM U10 2018"]
[Site "Willingen GER"]
[Date "2018.05.21"]
[Round "3"]
[White "Schreidl, Michael"]
[Black "Müller, Milo"]
[Result "0-1"]
[Termination "normal"]
[Board "15"]
[WhiteElo "1325"]
[BlackElo "1443"]
[PlyCount "154"]
[WhiteFideId "16265750"]
[BlackFideId "16265700"]
[EventCountry "GER"]
[EventRounds "11"]
[EventType "swiss"]
[EventDate "2018.05.19"]

1. e4 c5 2. Nf3 g6 3. d4 cxd4 4. Nxd4 Bg7 5. Nc3 Nc6 6. Be3 Nf6 7. Bc4 Qa5 8.
Nb3 Qc7 9. Qd2 O-O 10. f3 d6 11. Be2 Be6 12. g4 Rfd8 13. Bf4 a6 14. h4 Ne5 15.
Nd4 Bc4 16. O-O-O b5 17. Nb3 Rdc8 18. h5 b4 19. Nb1 Bxe2 20. Qxe2 Nxf3 21. c3
Ne5 22. Bxe5 dxe5 23. hxg6 fxg6 24. N3d2 a5 25. c4 a4 26. g5 Nh5 27. Qg4 Nf4
28. Kc2 Rcb8 29. Rc1 b3+ 30. axb3 axb3+ 31. Kd1 Nd3 32. Qe6+ Kh8 33. Qxg6 Nf2+
34. Ke2 Nxh1 35. Rxh1 Kg8 36. Qe6+ Kf8 37. Rxh7 Qd6 38. Qf5+ Kg8 39. g6 Qf6 40.
Qh5 Ra2 41. Nc3 Rd8 42. Nd5 Rxd5 43. cxd5 Rxb2 44. Qf5 Qxf5 45. exf5 e4 46. Rh1
Rc2 47. Ke3 b2 48. Rb1 Bh6+ 49. Kxe4 Rxd2 50. Ke5 Re2+ 51. Kd4 Bc1 52. f6 exf6
53. d6 Re8 54. Kd5 Rd8 55. Ke6 Kg7 56. Ke7 Rxd6 57. Kxd6 Kxg6 58. Kd5 Kf5 59.
Kd4 Kf4 60. Kd3 Kf3 61. Kc2 Ke2 62. Kc3 f5 63. Kc4 f4 64. Kd4 f3 65. Kc3 f2 66.
Rxb2+ Bxb2+ 67. Kc2 f1=Q 68. Kb3 Bh8 69. Kb4 Qc1 70. Kb3 Qc3+ 71. Ka4 Qb2 72.
Ka5 Qb3 73. Ka6 Qb4 74. Ka7 Qb5 75. Ka8 Be5 76. Ka7 Kf2 77. Ka8 Qb8# 0-1

[Event "DEM U10 2018"]
[Site "Willingen GER"]
[Date "2018.05.21"]
[Round "3"]
[White "Toth, Luca"]
[Black "Kiefhaber, Tobias"]
[Result "0-1"]
[Termination "normal"]
[Board "17"]
[WhiteElo "1218"]
[BlackElo "1551"]
[PlyCount "52"]
[WhiteFideId "16260228"]
[BlackFideId "16240693"]
[EventCountry "GER"]
[EventRounds "11"]
[EventType "swiss"]
[EventDate "2018.05.19"]

1. e4 c6 2. d4 d5 3. exd5 cxd5 4. Bd3 Nf6 5. h3 e6 6. Nf3 Bd6 7. O-O h6 8. Re1
Rg8 9. Bd2 g5 10. g4 Bf4 11. Nc3 Nc6 12. Kf1 h5 13. Bxf4 gxf4 14. g5 Nd7 15. h4
Nb6 16. Qd2 Qc7 17. Bb5 Bd7 18. Bxc6 Bxc6 19. Ne5 Nc4 20. Nxc4 dxc4 21. Ne2 f3
22. Ng3 O-O-O 23. Qc3 Qf4 24. Red1 Qxh4 25. Qxc4 Rxg5 26. Rd2 Rdg8 0-1

[Event "DEM U10 2018"]
[Site "Willingen GER"]
[Date "2018.05.21"]
[Round "3"]
[White "Puchas, Henrik"]
[Black "Fröhlich, Niklas"]
[Result "1-0"]
[Termination "normal"]
[Board "19"]
[WhiteElo "1439"]
[BlackElo "1147"]
[PlyCount "87"]
[WhiteFideId "16257995"]
[BlackFideId "16245016"]
[EventCountry "GER"]
[EventRounds "11"]
[EventType "swiss"]
[EventDate "2018.05.19"]

1. e4 c5 2. Nf3 d6 3. d4 cxd4 4. Nxd4 Nf6 5. Nc3 a6 6. f3 e5 7. Nb3 Be7 8. Be3
Nc6 9. Qd2 Bd7 10. Nd5 Nxd5 11. exd5 Na7 12. Na5 b6 13. Nb3 a5 14. Qf2 Rb8 15.
O-O-O f5 16. Nxa5 f4 17. Bd2 Qc7 18. Nb3 Rc8 19. Bc3 Bf6 20. Bd3 Nb5 21. Bxb5
Bxb5 22. Rde1 Ra8 23. a3 Ra4 24. Re4 h5 25. Nd4 Bd7 26. Ne6 Qb7 27. Bb4 Qb8 28.
Nxf4 Bg5 29. Qg3 Bh6 30. Kb1 Rf8 31. Qg6+ Ke7 32. Rxe5+ Kd8 33. Bxd6 Rf6 34.
Bxb8 Rxg6 35. Nxg6 Rc4 36. d6 Be8 37. Bc7+ Kc8 38. Rxe8+ Kd7 39. Rhe1 Re4 40.
R1xe4 Bf4 41. Nxf4 b5 42. Ne2 b4 43. Nd4 bxa3 44. R4e7# 1-0

[Event "DEM U10 2018"]
[Site "Willingen GER"]
[Date "2018.05.21"]
[Round "3"]
[White "Leubner, Paul Damdin"]
[Black "Cilo, Selimhan"]
[Result "0-1"]
[Termination "normal"]
[Board "20"]
[WhiteElo "1127"]
[BlackElo "1400"]
[PlyCount "114"]
[WhiteFideId "16265858"]
[BlackFideId "16246756"]
[EventCountry "GER"]
[EventRounds "11"]
[EventType "swiss"]
[EventDate "2018.05.19"]

1. e4 e5 2. Nf3 Nc6 3. d4 exd4 4. Bc4 Bc5 5. c3 Qf6 6. O-O Nge7 7. Re1 d6 8.
Bg5 Qg6 9. Qd2 h6 10. Bh4 dxc3 11. Nxc3 Bg4 12. Kh1 Bxf3 13. gxf3 Qh5 14. Qf4
g5 15. Qf6 Bd4 16. Bxf7+ Qxf7 17. Qxf7+ Kxf7 18. Bg3 h5 19. h4 Kg6 20. Kg2 Rhf8
21. Kh3 Rxf3 22. Kg2 Raf8 23. Re2 Bxc3 24. bxc3 Rxc3 25. Rb1 b6 26. Rb5 Rc5 27.
Rbb2 Ne5 28. Rb3 Ra5 29. Kh3 g4+ 30. Kg2 c5 31. Rd2 Nc4 32. Rdd3 Rxa2 33. Bxd6
Raxf2+ 34. Kg3 Nxd6 35. Rxd6+ R8f6 36. Rd7 R2f3+ 37. Rxf3 Rxf3+ 38. Kg2 Nc6 39.
Rd6+ Rf6 40. Rd7 c4 41. e5 Nxe5 42. Rxa7 c3 43. Rc7 Rc6 44. Re7 c2 45. Rxe5
c1=Q 46. Rg5+ Kh6 47. Rf5 Rc2+ 48. Rf2 Rxf2+ 49. Kxf2 Qd2+ 50. Kg3 Qe3+ 51. Kg2
Qf3+ 52. Kg1 Qe2 53. Kh1 Kg6 54. Kg1 Kf5 55. Kh1 Kf4 56. Kg1 Kg3 57. Kh1 Qh2#
0-1

[Event "DEM U10 2018"]
[Site "Willingen GER"]
[Date "2018.05.21"]
[Round "3"]
[White "Kieselbach, Jannik"]
[Black "Westedt, Felix"]
[Result "1-0"]
[Termination "normal"]
[Board "21"]
[WhiteElo "1397"]
[BlackElo "1049"]
[PlyCount "81"]
[WhiteFideId "16246403"]
[BlackFideId "16265874"]
[EventCountry "GER"]
[EventRounds "11"]
[EventType "swiss"]
[EventDate "2018.05.19"]

1. d4 d5 2. e3 Nc6 3. c3 Nf6 4. Bd3 g6 5. Nd2 Bg7 6. f4 Bg4 7. Ngf3 Qd7 8. h3
Bf5 9. Bxf5 Qxf5 10. O-O O-O-O 11. Ne5 Qe6 12. Ndf3 Nxe5 13. fxe5 Ne4 14. Nd2
Ng3 15. Rf3 Ne4 16. Nxe4 dxe4 17. Rf2 f6 18. exf6 Bxf6 19. Qb3 Qd7 20. Bd2 Bh4
21. Rf4 Bg3 22. Rxe4 Rde8 23. Qe6 Rhf8 24. Qxd7+ Kxd7 25. Be1 Bd6 26. c4 Rf7
27. c5 Ref8 28. cxd6 Rf1+ 29. Kh2 cxd6 30. b4 Rc8 31. Rf4 Rf8 32. Rxf8 Rxf8 33.
a4 Re8 34. Bg3 e5 35. dxe5 dxe5 36. Rf1 Ke6 37. Rc1 Re7 38. b5 Kd6 39. e4 a6
40. Be1 axb5 41. Bb4+ 1-0

[Event "DEM U10 2018"]
[Site "Willingen GER"]
[Date "2018.05.21"]
[Round "3"]
[White "Scheerer, Julian"]
[Black "Held, Momme Fredrik"]
[Result "1-0"]
[Termination "normal"]
[Board "22"]
[WhiteElo "1301"]
[BlackElo "1674"]
[PlyCount "43"]
[WhiteFideId "16265769"]
[BlackFideId "16237692"]
[EventCountry "GER"]
[EventRounds "11"]
[EventType "swiss"]
[EventDate "2018.05.19"]

1. e4 e5 2. Nf3 Nc6 3. Bc4 Nf6 4. d4 exd4 5. O-O Nxe4 6. Re1 d5 7. Bxd5 Qxd5 8.
Nc3 Qd8 9. Rxe4+ Be7 10. Nxd4 f5 11. Rf4 O-O 12. Nxc6 bxc6 13. Rd4 Bd6 14. Bf4
c5 15. Rd2 Bb7 16. Nb5 Qh4 17. Bxd6 cxd6 18. Nxd6 Ba6 19. Qf3 Qh6 20. Qd5+ Kh8
21. Nf7+ Rxf7 22. Qxa8+ 1-0

[Event "DEM U10 2018"]
[Site "Willingen GER"]
[Date "2018.05.21"]
[Round "3"]
[White "Mader, Fabian"]
[Black "Udelnov, Valentin"]
[Result "1-0"]
[Termination "normal"]
[Board "23"]
[WhiteElo "1095"]
[BlackElo "1377"]
[PlyCount "113"]
[WhiteFideId "16265866"]
[BlackFideId "16265734"]
[EventCountry "GER"]
[EventRounds "11"]
[EventType "swiss"]
[EventDate "2018.05.19"]

1. e4 e5 2. Nf3 Nc6 3. Bc4 Bc5 4. c3 Nf6 5. d3 d6 6. Bb3 Bg4 7. h3 Bh5 8. Nbd2
Qd7 9. g4 Bg6 10. Nf1 O-O-O 11. Be3 Bxe3 12. Nxe3 h5 13. g5 Nh7 14. Qd2 f6 15.
Nd5 Ne7 16. gxf6 Nxf6 17. Ne3 d5 18. exd5 Nexd5 19. Nxe5 Qe8 20. Nxg6 Qxg6 21.
O-O-O Nxe3 22. Qxe3 Rhe8 23. Qxa7 Rxd3 24. Qa8+ Kd7 25. Ba4+ Ke7 26. Bxe8 Rxd1+
27. Rxd1 Nxe8 28. Re1+ Kf8 29. Rxe8+ Qxe8 30. Qxe8+ Kxe8 31. Kd2 Ke7 32. Ke3
Ke6 33. Ke4 g5 34. f3 c6 35. a4 b6 36. b4 h4 37. a5 bxa5 38. bxa5 Kd6 39. Kd4
Kc7 40. Kc5 Kb7 41. a6+ Kxa6 42. Kxc6 Ka7 43. c4 Ka6 44. c5 Ka7 45. Kd6 Ka8 46.
c6 Kb8 47. Kd7 Ka8 48. c7 Ka7 49. c8=Q Kb6 50. Qc6+ Ka5 51. Qb7 Ka4 52. Kc6 Ka3
53. Kc5 g4 54. fxg4 Ka2 55. Kc4 Ka1 56. Kc3 Ka2 57. Qb2# 1-0

[Event "DEM U10 2018"]
[Site "Willingen GER"]
[Date "2018.05.21"]
[Round "3"]
[White "Malchereck, Romeo"]
[Black "Klonov, Jakov"]
[Result "0-1"]
[Termination "normal"]
[Board "24"]
[WhiteElo "1184"]
[BlackElo "1264"]
[PlyCount "116"]
[WhiteFideId "16265831"]
[BlackFideId "16211928"]
[EventCountry "GER"]
[EventRounds "11"]
[EventType "swiss"]
[EventDate "2018.05.19"]

1. e4 c5 2. Nf3 Nc6 3. d4 cxd4 4. Nxd4 g6 5. Be3 Bg7 6. c4 Nf6 7. Nc3 O-O 8.
Be2 Nxd4 9. Bxd4 d6 10. O-O Bd7 11. f3 Bc6 12. Be3 a5 13. Qd2 Nd7 14. Bh6 Nc5
15. Rfd1 Qb6 16. Kh1 Rac8 17. Bxg7 Kxg7 18. Nd5 Bxd5 19. exd5 Na4 20. b3 Nc5
21. Qd4+ Kg8 22. Rab1 Rfe8 23. a3 Nd7 24. Qc3 Qf2 25. Qe1 Qxe1+ 26. Rxe1 Nb6
27. Rec1 e6 28. dxe6 fxe6 29. b4 axb4 30. Rxb4 Rc6 31. a4 d5 32. a5 Nxc4 33.
Bxc4 dxc4 34. Rxb7 Ra8 35. Rd1 c3 36. Rb5 c2 37. Rc1 Rd8 38. h3 Rd1+ 39. Rxd1
cxd1=Q+ 40. Kh2 Qd6+ 41. Kg1 Qg3 42. Rb1 Ra6 43. Rb5 Qe1+ 44. Kh2 Rxa5 45. Rxa5
Qxa5 46. g4 Kf7 47. Kg3 Kf6 48. h4 g5 49. h5 Qa3 50. Kf2 Ke5 51. Ke2 Kd4 52.
Kf2 e5 53. h6 e4 54. Kg1 Qxf3 55. Kh2 Qxg4 56. Kh1 Ke3 57. Kh2 Kf2 58. Kh1 Qg2#
0-1

[Event "DEM U10 2018"]
[Site "Willingen GER"]
[Date "2018.05.21"]
[Round "3"]
[White "Cromm, Mika"]
[Black "Weyerer, Noah"]
[Result "1/2-1/2"]
[Termination "normal"]
[Board "25"]
[WhiteElo "1374"]
[BlackElo "1263"]
[PlyCount "72"]
[WhiteFideId "16244915"]
[BlackFideId "16250664"]
[EventCountry "GER"]
[EventRounds "11"]
[EventType "swiss"]
[EventDate "2018.05.19"]

1. d4 d6 2. c4 e5 3. dxe5 dxe5 4. Qxd8+ Kxd8 5. a3 Be6 6. e3 c6 7. Nc3 Nd7 8.
b4 Nb6 9. c5 Nd5 10. Bb2 Nxc3 11. Bxc3 f6 12. Nf3 Kc7 13. g3 Nh6 14. Bg2 Nf7
15. O-O Be7 16. e4 Rad8 17. Rfe1 Rd3 18. Re3 Rhd8 19. Rae1 Rxe3 20. Rxe3 Rd1+
21. Re1 Rd3 22. Rc1 Bg4 23. Nd2 b6 24. Bf1 Rd8 25. f3 Bh5 26. g4 Bg6 27. Nb3
Ng5 28. Be2 Bf7 29. cxb6+ axb6 30. Nd2 Nh3+ 31. Kf1 Nf4 32. Bc4 Bxc4+ 33. Nxc4
Rd3 34. Nd2 Re3 35. h4 Re2 36. Kg1 Re3 1/2-1/2

[Event "DEM U10 2018"]
[Site "Willingen GER"]
[Date "2018.05.21"]
[Round "3"]
[White "Kamleiter, Noah"]
[Black "Bongardt, Livius"]
[Result "0-1"]
[Termination "normal"]
[Board "26"]
[WhiteElo "1213"]
[BlackElo "1398"]
[PlyCount "80"]
[WhiteFideId "16265815"]
[BlackFideId "16265718"]
[EventCountry "GER"]
[EventRounds "11"]
[EventType "swiss"]
[EventDate "2018.05.19"]

1. e4 c5 2. Nf3 e6 3. d4 cxd4 4. Nxd4 a6 5. Nc3 Qc7 6. Be2 Be7 7. O-O Nf6 8.
Bg5 b5 9. Bf3 Nc6 10. Nxc6 dxc6 11. e5 Nd5 12. Nxd5 cxd5 13. Bxe7 Qxe7 14. Qd4
O-O 15. c3 Bb7 16. Bd1 Rac8 17. Bc2 Rc4 18. Qd3 g6 19. Rfe1 Rd8 20. Re3 d4 21.
cxd4 Rdxd4 22. Qb3 Bd5 23. a3 Qc5 24. Re2 Be4 25. Bd1 Rd3 26. Qa2 Rc1 27. h3
Bd5 28. b3 Bxb3 29. Qb2 Rxa1 30. Qxa1 Rxd1+ 31. Qxd1 Bxd1 32. Re1 Bb3 33. Ra1
Qxe5 34. Rc1 Bc4 35. Rd1 a5 36. Rd8+ Kg7 37. Ra8 h5 38. g3 Bd5 39. Rc8 Qe1+ 40.
Kh2 Qh1# 0-1

[Event "DEM U10 2018"]
[Site "Willingen GER"]
[Date "2018.05.21"]
[Round "3"]
[White "Itin, Timofey"]
[Black "Sinka, Silas"]
[Result "1-0"]
[Termination "normal"]
[Board "27"]
[WhiteElo "1298"]
[BlackElo "1186"]
[PlyCount "173"]
[WhiteFideId "16265777"]
[BlackFideId "16265823"]
[EventCountry "GER"]
[EventRounds "11"]
[EventType "swiss"]
[EventDate "2018.05.19"]

1. e4 e6 2. d4 d5 3. Nc3 c5 4. Be3 Nc6 5. Nf3 g6 6. Bb5 Bd7 7. Qd2 c4 8. O-O-O
Nge7 9. Rhe1 a6 10. Bxc6 Bxc6 11. Ne5 Qc7 12. Nxc6 Qxc6 13. exd5 exd5 14. Bg5
f6 15. Bf4 g5 16. Bg3 h5 17. h4 gxh4 18. Bxh4 Bh6 19. f4 Qd6 20. Bg3 Rg8 21.
Bh2 Rg4 22. Rf1 O-O-O 23. Kb1 Re8 24. Qf2 Nf5 25. Rfe1 Rxe1 26. Rxe1 Bxf4 27.
a3 Nh4 28. Bxf4 Rxf4 29. Qe2 Rxd4 30. g3 Rg4 31. gxh4 Rxh4 32. Qe8+ Qd8 33.
Nxd5 Qxe8 34. Rxe8+ Kd7 35. Nxf6+ Kd6 36. Rh8 Rf4 37. Rh6 Ke5 38. Ne8 Rh4 39.
Ng7 Rg4 40. Rxh5+ Kf6 41. Ne8+ Ke7 42. Re5+ Kf7 43. a4 Rf4 44. b3 cxb3 45. cxb3
Rg4 46. Nd6+ Kf6 47. Ra5 Rb4 48. Kb2 Rb6 49. Ne4+ Ke6 50. Ka3 Kd7 51. Nc5+ Kd6
52. Nd3 Kd7 53. Kb2 Kd6 54. Ne5 Ke6 55. Kc3 Rd6 56. Nc4 Rc6 57. Re5+ Kf6 58.
Kd4 Rc7 59. Rc5 Rd7+ 60. Rd5 Rc7 61. b4 Ke6 62. b5 axb5 63. axb5 Kf6 64. Na5 b6
65. Rd6+ Ke7 66. Rxb6 Rc1 67. Kd5 Rd1+ 68. Kc6 Rc1+ 69. Kb7 Rd1 70. Rc6 Kd8 71.
Ka7 Rd7+ 72. Ka6 Ke8 73. b6 Kd8 74. b7 Rxb7 75. Kxb7 Kd7 76. Nc4 Kd8 77. Rc7
Ke8 78. Kc6 Kd8 79. Rh7 Ke8 80. Kd6 Kf8 81. Ke6 Kg8 82. Ra7 Kf8 83. Re7 Kg8 84.
Rf7 Kh8 85. Kf6 Kg8 86. Kg6 Kh8 87. Rf8# 1-0

[Event "DEM U10 2018"]
[Site "Willingen GER"]
[Date "2018.05.21"]
[Round "3"]
[White "Burkart, Lloyd Shang"]
[Black "Ivanov, Alexander"]
[Result "1-0"]
[Termination "normal"]
[Board "28"]
[WhiteElo "1254"]
[BlackElo "1155"]
[PlyCount "91"]
[WhiteFideId "16239059"]
[BlackFideId "34604472"]
[EventCountry "GER"]
[EventRounds "11"]
[EventType "swiss"]
[EventDate "2018.05.19"]

1. d4 f5 2. Bg5 Nf6 3. Bxf6 exf6 4. e3 Be7 5. c4 O-O 6. Nf3 Nc6 7. Nc3 Bb4 8.
Qc2 d6 9. Bd3 Bxc3+ 10. Qxc3 Re8 11. O-O d5 12. cxd5 Ne7 13. Rac1 Nxd5 14. Bc4
Be6 15. Bxd5 Bxd5 16. Qxc7 Qxc7 17. Rxc7 Rac8 18. Rfc1 Be6 19. a3 h6 20. R1c5
Red8 21. d5 Kh7 22. Kf1 Rxc7 23. Rxc7 Bxd5 24. Nd4 Kg6 25. g3 a6 26. Ke2 Rd6
27. Kd3 Rb6 28. b4 Bf7 29. Rd7 Be8 30. Rd8 Bb5+ 31. Nxb5 Rxb5 32. f4 Kh5 33. h3
g5 34. Rd6 a5 35. Kc4 Rxb4+ 36. axb4 a4 37. Rd3 gxf4 38. exf4 b5+ 39. Kxb5 a3
40. Rxa3 Kg6 41. Kc6 Kh5 42. b5 Kg6 43. b6 Kh5 44. b7 Kg6 45. b8=Q Kh5 46. Qe8#
1-0

[Event "DEM U10 2018"]
[Site "Willingen GER"]
[Date "2018.05.21"]
[Round "3"]
[White "Henzgen, Pascal"]
[Black "Hubert, Nikita"]
[Result "1-0"]
[Termination "normal"]
[Board "29"]
[WhiteElo "1223"]
[BlackElo "1122"]
[PlyCount "63"]
[WhiteFideId "16263138"]
[BlackFideId "16235754"]
[EventCountry "GER"]
[EventRounds "11"]
[EventType "swiss"]
[EventDate "2018.05.19"]

1. d4 d5 2. Nf3 Nc6 3. Bf4 Bf5 4. e3 a6 5. Bd3 Bg6 6. Nbd2 e6 7. O-O Bd6 8. Bg3
Nge7 9. Nb3 b6 10. Bxg6 Nxg6 11. Bxd6 Qxd6 12. Rc1 O-O 13. c4 Rfe8 14. c5 bxc5
15. Nxc5 a5 16. Nb7 Qd7 17. Qa4 Reb8 18. Qxc6 Qxc6 19. Rxc6 Rxb7 20. b3 a4 21.
bxa4 Rxa4 22. Rc2 Rba7 23. h3 Rxa2 24. Rxa2 Rxa2 25. Rb1 Rc2 26. Ne5 f6 27.
Rb8+ Nf8 28. Nd7 Rc1+ 29. Kh2 h6 30. Nxf8 e5 31. Ne6+ Kh7 32. Rc8 1-0

[Event "DEM U10 2018"]
[Site "Willingen GER"]
[Date "2018.05.21"]
[Round "3"]
[White "Schüller, Julian"]
[Black "Müller, Mitja"]
[Result "0-1"]
[Termination "normal"]
[Board "30"]
[WhiteElo "1035"]
[BlackElo "1215"]
[PlyCount "38"]
[WhiteFideId "16265882"]
[BlackFideId "16265807"]
[EventCountry "GER"]
[EventRounds "11"]
[EventType "swiss"]
[EventDate "2018.05.19"]

1. d4 d5 2. Nc3 Nf6 3. Bg5 Bf5 4. f3 Nc6 5. Qd2 e6 6. e4 Bg6 7. e5 h6 8. Bh4
Ne4 9. fxe4 Qxh4+ 10. g3 Qd8 11. O-O-O Be7 12. Bg2 Bg5 13. Qxg5 Qxg5+ 14. Kb1
Qe3 15. exd5 Nxd4 16. dxe6 Bxc2+ 17. Ka1 Bxd1 18. a3 Qc1+ 19. Ka2 Bb3# 0-1